000 00645nam a2200181Ia 4500
008 090124s9999 xx 000 0 und d
082 _b27756
100 _aकुलकर्णी गोविंद विष्णु
245 _a फाळणीचे दिवस
250 _a0
260 _bमनोरमा प्रकाशन
_c1989
300 _a295
600 _aकुलकर्णी गोविंद विष्णु
630 _a फाळणीचे दिवस
700 _aकुलकर्णी गोविंद विष्णु
730 _a फाळणीचे दिवस
942 _cBOOK
999 _c95392
_d95392